[Event "Rewal op-A 17th"]
[Site "Rewal"]
[Date "2012.08.25"]
[Round "5"]
[White "Gabrys, Sebastian"]
[Black "Gorol, Jacek"]
[Result "1-0"]
[WhiteElo "1790"]
[BlackElo "1757"]
[PlyCount "71"]
[EventDate "2012.08.20"]
[EventType "swiss"]
[EventRounds "9"]
[EventCountry "POL"]
[SourceTitle "CBM 150 Extra"]
[Source "ChessBase"]
[SourceDate "2012.10.19"]
[SourceVersion "1"]
[SourceVersionDate "2012.10.19"]
[SourceQuality "1"]

1. e4 d6 2. d4 Nf6 3. Nc3 g6 4. Bc4 Bg7 5. Nf3 0-0 6. 0-0 Nc6 7. d5 Nb8 8. Re1 Bg4 9. h3 Bxf3 10. Qxf3 Nbd7 11. Bb3 a6 12. Bg5 Nh5 13. Qe3 b5 14. g4 Nhf6 15. Ne2 h5 16. gxh5 Nxh5 17. Bh6 Bxh6 18. Qxh6 Ne5 19. Qe3 Kg7 20. f4 Nd7 21. Nd4 Nc5 22. f5 Nxb3 23. axb3 Rh8 24. fxg6 Kxg6 25. Kh2 Kg7 26. Qf3 Nf6 27. Nc6 Qd7 28. Rg1+ Kf8 29. Raf1 e5 30. dxe6 Qxe6 31. Nd4 Qe5+ 32. Rg3 Qxd4 33. e5 Qe4 34. Qxf6 Rh7 35. exd6 Re8 36. d7 1-0

[Event "Rewal op-A 16th"]
[Site "Rewal"]
[Date "2011.08.27"]
[Round "8"]
[White "Falkowski, Dawid"]
[Black "Gabrys, Sebastian"]
[Result "0-1"]
[WhiteElo "2059"]
[BlackElo "1805"]
[PlyCount "94"]
[EventDate "2011.08.19"]
[EventType "swiss"]
[EventRounds "9"]
[EventCountry "POL"]
[SourceTitle "CBM 144 Extra"]
[Source "ChessBase"]
[SourceDate "2011.10.28"]
[SourceVersion "1"]
[SourceVersionDate "2011.10.28"]
[SourceQuality "1"]

1. e4 c5 2. Nc3 e6 3. g3 Nf6 4. Bg2 d5 5. d3 d4 6. Nb1 e5 7. Ne2 Nc6 8. 0-0 Be7 9. f4 Ng4 10. Na3 0-0 11. h3 Ne3 12. Bxe3 dxe3 13. Nc4 exf4 14. gxf4 Bf6 15. e5 Bh4 16. Nxe3 Nd4 17. Nc3 Qb6 18. Ncd5 Qg6 19. Kh1 Qg3 20. c3 Bxh3 21. cxd4 cxd4 22. Rf3 Bxg2+ 23. Nxg2 Qg4 24. Nxh4 Qxh4+ 25. Kg2 Rfc8 26. Rh3 Qd8 27. Nf6+ gxf6 28. Qg4+ Kf8 29. Rxh7 Qd5+ 30. Kg1 Ke7 31. exf6+ Kd6 32. Re1 Rg8 33. Rg7 Rh8 34. Re4 Rae8 35. Qg5 Qxa2 36. Rxd4+ Kc7 37. Rd7+ Kb8 38. Rxb7+ Ka8 39. Re7 Qb1+ 40. Kg2 Qh1+ 41. Kg3 Qg1+ 42. Kf3 Qd1+ 43. Ke4 Qe1+ 44. Kd4 Rd8+ 45. Rd7 Qf2+ 46. Kd5 Qe3 47. Qf5 Rc8 0-1

[Event "Rewal op-A 15th"]
[Site "Rewal"]
[Date "2010.08.26"]
[Round "7"]
[White "Sachryn, Krystian"]
[Black "Gabrys, Sebastian"]
[Result "1-0"]
[WhiteElo "1862"]
[BlackElo "1833"]
[PlyCount "87"]
[EventDate "2010.08.19"]
[EventType "swiss"]
[EventRounds "9"]
[EventCountry "POL"]
[SourceTitle "EXT 2013"]
[Source "ChessBase"]
[SourceDate "2012.11.22"]
[SourceVersion "1"]
[SourceVersionDate "2012.11.22"]
[SourceQuality "1"]

1. c4 Nf6 2. Nf3 g6 3. g3 Bg7 4. Bg2 0-0 5. 0-0 d6 6. Nc3 e5 7. d3 Nc6 8. Rb1 Bg4 9. b4 a6 10. b5 axb5 11. Rxb5 Qc8 12. Bg5 h6 13. Bxf6 Bxf6 14. Nd5 Bd8 15. Qd2 Kg7 16. Rfb1 Rb8 17. Qb2 b6 18. a4 Ra8 19. Ra1 Qa6 20. e3 Ra7 21. Nd2 Ne7 22. Nb4 Qc8 23. Nc6 Nxc6 24. Bxc6 Bd7 25. Bxd7 Qxd7 26. f4 Bf6 27. Ne4 Rfa8 28. Nxf6 Kxf6 29. fxe5+ Ke7 30. exd6+ Qxd6 31. Re5+ Kf8 32. Rd5 Qe6 33. Qh8+ Ke7 34. Qxh6 Rxa4 35. Rxa4 Rxa4 36. Qh4+ f6 37. Qh7+ Ke8 38. Qh8+ Kf7 39. Qh7+ Ke8 40. Qxg6+ Ke7 41. Qg7+ Ke8 42. e4 Ra1+ 43. Kf2 Ra2+ 44. Ke3 1-0

[Event "Rewal op-A 15th"]
[Site "Rewal"]
[Date "2010.08.23"]
[Round "4"]
[White "Gabrys, Sebastian"]
[Black "Wiewiora, Eneasz"]
[Result "0-1"]
[WhiteElo "1833"]
[BlackElo "2042"]
[PlyCount "76"]
[EventDate "2010.08.19"]
[EventType "swiss"]
[EventRounds "9"]
[EventCountry "POL"]
[SourceTitle "EXT 2013"]
[Source "ChessBase"]
[SourceDate "2012.11.22"]
[SourceVersion "1"]
[SourceVersionDate "2012.11.22"]
[SourceQuality "1"]

1. e4 c6 2. d4 d5 3. exd5 cxd5 4. c4 Nf6 5. Nc3 g6 6. Nf3 Bg7 7. Be2 0-0 8. 0-0 Nc6 9. Bg5 Be6 10. c5 Ne4 11. Be3 Nxc5 12. dxc5 d4 13. Nxd4 Nxd4 14. Bf3 Nxf3+ 15. Qxf3 Qd7 16. Rfd1 Qc6 17. Qxc6 bxc6 18. Bd4 Rfd8 19. Bxg7 Kxg7 20. Kf1 g5 21. Ke2 f5 22. Rxd8 Rxd8 23. Rd1 Bc4+ 24. Ke1 Rxd1+ 25. Kxd1 Kf6 26. Kd2 Ke5 27. b4 Kd4 28. a3 e5 29. Na4 e4 30. Nb2 Bd5 31. Nd1 f4 32. g3 Bb3 33. h4 h5 34. Nb2 e3+ 35. fxe3+ fxe3+ 36. Ke2 Kc3 37. Nd1+ Bxd1+ 38. Kxd1 a6 0-1

[Event "Rewal op-A 15th"]
[Site "Rewal"]
[Date "2010.08.19"]
[Round "1"]
[White "Jagodzinski, Piotr"]
[Black "Gabrys, Sebastian"]
[Result "0-1"]
[WhiteElo "2189"]
[BlackElo "1833"]
[PlyCount "106"]
[EventDate "2010.08.19"]
[EventType "swiss"]
[EventRounds "9"]
[EventCountry "POL"]
[SourceTitle "EXT 2013"]
[Source "ChessBase"]
[SourceDate "2012.11.22"]
[SourceVersion "1"]
[SourceVersionDate "2012.11.22"]
[SourceQuality "1"]

1. e4 c5 2. Nf3 e6 3. c3 Nc6 4. d4 cxd4 5. cxd4 Nf6 6. Nc3 Bb4 7. e5 Ne4 8. Qc2 Qa5 9. Bd2 Nxd2 10. Qxd2 b6 11. Bd3 Bb7 12. 0-0 Ne7 13. Ng5 h6 14. Nge4 Nf5 15. a3 Bxc3 16. Nxc3 Nxd4 17. Qf4 Nb3 18. Rad1 Ba6 19. Qf3 0-0 20. Bxa6 Qxa6 21. Rxd7 Nc5 22. Rxf7 Nd3 23. Rxf8+ Rxf8 24. Qg4 Qc8 25. Qe2 Nf4 26. Qe4 Qc5 27. Na4 Qb5 28. f3 Nd5 29. f4 Qb3 30. Rf3 Qd1+ 31. Rf1 Qd2 32. g3 Ne3 33. Rb1 Ng4 34. Qf3 Qxh2+ 35. Kf1 Qc2 36. Qxg4 Qxb1+ 37. Kg2 Qc2+ 38. Kh3 Qxa4 39. Qxe6+ Kh8 40. Qe7 Re8 41. Qf7 Qc6 42. Qxa7 Qc8+ 43. Kh2 Qc2+ 44. Kh3 Qxb2 45. Qd7 Rg8 46. Qd6 Qb5 47. Kh4 Qe8 48. Kg4 Qd8 49. Qg6 Qd7+ 50. Kh4 Qe7+ 51. Kg4 b5 52. Qa6 Qd7+ 53. e6 Qd5 0-1

[Event "Polanica Zdroj op-B 45th"]
[Site "Polanica Zdroj"]
[Date "2009.08.26"]
[Round "9"]
[White "Oszczanowski, Witold"]
[Black "Gabrys, Sebastian"]
[Result "1/2-1/2"]
[WhiteElo "1679"]
[BlackElo "1877"]
[PlyCount "28"]
[EventDate "2009.08.18"]
[EventType "swiss"]
[EventRounds "10"]
[EventCountry "POL"]
[SourceTitle "CBM 131 Extra"]
[Source "ChessBase"]
[SourceDate "2009.09.03"]
[SourceVersion "2"]
[SourceVersionDate "2009.09.16"]
[SourceQuality "1"]

1. e4 c5 2. Nf3 e6 3. d4 cxd4 4. Nxd4 Nf6 5. Nc3 Nc6 6. Nxc6 bxc6 7. e5 Nd5 8. Ne4 Qa5+ 9. c3 Ba6 10. Bxa6 Qxa6 11. Qe2 Qxe2+ 12. Kxe2 f5 13. Ng3 Bc5 14. Rd1 Rb8 1/2-1/2

[Event "Polanica Zdroj op-B 45th"]
[Site "Polanica Zdroj"]
[Date "2009.08.25"]
[Round "8"]
[White "Gabrys, Sebastian"]
[Black "Ziemba, Artur"]
[Result "1/2-1/2"]
[WhiteElo "1877"]
[BlackElo "1638"]
[PlyCount "42"]
[EventDate "2009.08.18"]
[EventType "swiss"]
[EventRounds "10"]
[EventCountry "POL"]
[SourceTitle "CBM 131 Extra"]
[Source "ChessBase"]
[SourceDate "2009.09.03"]
[SourceVersion "2"]
[SourceVersionDate "2009.09.16"]
[SourceQuality "1"]

1. e4 c5 2. Nf3 d6 3. d4 cxd4 4. Nxd4 Nf6 5. Nc3 a6 6. Bg5 e6 7. f4 Nc6 8. Nb3 Be7 9. Qf3 Qc7 10. 0-0-0 b5 11. f5 Ne5 12. Qf4 0-0 13. Bxf6 Bxf6 14. g4 Qe7 15. Kb1 Bb7 16. Bd3 Rac8 17. h4 Bxh4 18. Qh2 g5 19. Nd4 b4 20. Nce2 Nxg4 21. Qg1 Nf2 1/2-1/2

[Event "Polanica Zdroj op-B 45th"]
[Site "Polanica Zdroj"]
[Date "2009.08.22"]
[Round "5"]
[White "Szolc, Grzegorz"]
[Black "Gabrys, Sebastian"]
[Result "1-0"]
[WhiteElo "1644"]
[BlackElo "1877"]
[PlyCount "81"]
[EventDate "2009.08.18"]
[EventType "swiss"]
[EventRounds "10"]
[EventCountry "POL"]
[SourceTitle "CBM 131 Extra"]
[Source "ChessBase"]
[SourceDate "2009.09.03"]
[SourceVersion "2"]
[SourceVersionDate "2009.09.16"]
[SourceQuality "1"]

1. e4 c5 2. Nf3 e6 3. d4 cxd4 4. Nxd4 Nf6 5. Nc3 Nc6 6. Be3 Bb4 7. Bd3 Qa5 8. Qd2 d5 9. Nb3 Qd8 10. exd5 exd5 11. 0-0 0-0 12. a3 Bxc3 13. Qxc3 Ng4 14. Bf4 d4 15. Qc5 Be6 16. Nd2 Rc8 17. Qh5 g6 18. Qb5 Qd7 19. h3 Nf6 20. Bh6 Nd5 21. Bxf8 a6 22. Qc5 Rxf8 23. Ne4 f5 24. Ng5 Re8 25. Nxe6 Rxe6 26. Bc4 Rd6 27. Rfe1 Kg7 28. Bxd5 Rxd5 29. Qc4 f4 30. Qe2 Re5 31. Qg4 Rf5 32. Re4 h5 33. Qe2 Qf7 34. f3 Qc7 35. Re1 Qb6 36. Qd3 Qxb2 37. Re6 a5 38. Rxg6+ Kxg6 39. Re6+ Kg5 40. h4+ Kxh4 41. Qxf5 1-0

[Event "Polanica Zdroj op-B 44th"]
[Site "Polanica Zdroj"]
[Date "2008.08.28"]
[Round "10"]
[White "Wasylkiewicz, Andrzej"]
[Black "Gabrys, Sebastian"]
[Result "1/2-1/2"]
[WhiteElo "1995"]
[BlackElo "1826"]
[PlyCount "28"]
[EventDate "2008.08.19"]
[EventType "swiss"]
[EventRounds "10"]
[EventCountry "POL"]
[SourceTitle "EXT 2009"]
[Source "ChessBase"]
[SourceDate "2008.11.26"]
[SourceVersion "1"]
[SourceVersionDate "2008.11.26"]
[SourceQuality "1"]

1. e4 c5 2. Nc3 e6 3. Qe2 Nc6 4. Nf3 Nf6 5. d3 Be7 6. Be3 d5 7. exd5 Nxd5 8. Nxd5 Qxd5 9. c3 0-0 10. d4 cxd4 11. Nxd4 Bf6 12. Nxc6 Qxc6 13. Qc4 Bd7 14. Qxc6 Bxc6 1/2-1/2

[Event "Polanica Zdroj op-B 44th"]
[Site "Polanica Zdroj"]
[Date "2008.08.27"]
[Round "9"]
[White "Gabrys, Sebastian"]
[Black "Gorecki, Janusz"]
[Result "1-0"]
[WhiteElo "1826"]
[BlackElo "1936"]
[PlyCount "58"]
[EventDate "2008.08.19"]
[EventType "swiss"]
[EventRounds "10"]
[EventCountry "POL"]
[SourceTitle "CBM 126 Extra"]
[Source "ChessBase"]
[SourceDate "2008.11.05"]
[SourceVersion "1"]
[SourceVersionDate "2008.11.05"]
[SourceQuality "1"]

1. e4 e5 2. Nf3 Nc6 3. Bc4 Be7 4. Nc3 Nf6 5. 0-0 0-0 6. d4 Nxe4 7. Nxe4 d5 8. Bxd5 Qxd5 9. Nc3 Qc4 10. d5 Nb8 11. Nxe5 Qh4 12. Re1 Bc5 13. Ne4 Be7 14. Qf3 Nd7 15. Bf4 f5 16. Ng3 Nb6 17. Nd3 Bd6 18. Bxd6 cxd6 19. Nf4 Nc4 20. Nd3 Bd7 21. b3 f4 22. bxc4 fxg3 23. Qxg3 Qxc4 24. Qxd6 Bf5 25. Re7 Bg6 26. Ne5 Qd4 27. Rf1 Qb6 28. Qd7 Rf6 29. Nxg6 hxg6 1-0

[Event "Polanica Zdroj op-B 44th"]
[Site "Polanica Zdroj"]
[Date "2008.08.24"]
[Round "6"]
[White "Gabrys, Sebastian"]
[Black "Rakowiecki, Andrzej"]
[Result "1-0"]
[WhiteElo "1826"]
[BlackElo "2021"]
[PlyCount "125"]
[EventDate "2008.08.19"]
[EventType "swiss"]
[EventRounds "10"]
[EventCountry "POL"]
[SourceTitle "CBM 126 Extra"]
[Source "ChessBase"]
[SourceDate "2008.11.05"]
[SourceVersion "1"]
[SourceVersionDate "2008.11.05"]
[SourceQuality "1"]

1. e4 c6 2. d4 d5 3. exd5 cxd5 4. c4 Nf6 5. Nc3 Nc6 6. cxd5 Nxd5 7. Bb5 Nxc3 8. bxc3 Qa5 9. Bxc6+ bxc6 10. Qf3 Qb5 11. Ne2 Ba6 12. 0-0 e6 13. Re1 Bd6 14. Qg4 0-0-0 15. a4 Qf5 16. Qxf5 exf5 17. Bf4 Rhe8 18. Bxd6 Rxd6 19. Nf4 Rxe1+ 20. Rxe1 g6 21. f3 Kc7 22. Kf2 Rd7 23. Re5 Bc4 24. Ke3 Kb6 25. Nd3 Rd5 26. Re7 Bxd3 27. Kxd3 Ra5 28. Kc4 Rxa4+ 29. Kb3 Ra1 30. Rxf7 Rg1 31. g3 Rf1 32. Rxh7 Rxf3 33. Rh6 g5 34. d5 f4 35. Rxc6+ Kb5 36. Rf6 Rf2 37. c4+ Kc5 38. Rc6+ Kd4 39. gxf4 gxf4 40. d6 Rd2 41. Rc8 Ke5 42. Re8+ Kf6 43. c5 Kf7 44. Re4 Rxh2 45. Rxf4+ Ke6 46. Re4+ Kd7 47. Re7+ Kc6 48. Rc7+ Kb5 49. d7 Rh3+ 50. Kc2 Rh2+ 51. Kd1 Rh1+ 52. Ke2 Rh2+ 53. Kf1 Rh1+ 54. Kg2 Rd1 55. c6 a5 56. Rc8 Kb6 57. d8Q+ Rxd8 58. Rxd8 Kxc6 59. Kf2 Kc5 60. Ke2 Kb4 61. Rd3 a4 62. Kd2 a3 63. Kc2 1-0

[Event "Polanica Zdroj op-B 43rd"]
[Site "Polanica Zdroj"]
[Date "2007.08.26"]
[Round "10.39"]
[White "Gabrys, Sebastian"]
[Black "Krajewski, Mateusz"]
[Result "1/2-1/2"]
[WhiteElo "1829"]
[BlackElo "1706"]
[PlyCount "93"]
[EventDate "2007.08.17"]
[EventType "swiss"]
[EventRounds "10"]
[EventCountry "POL"]
[SourceTitle "EXT 2023"]
[Source "ChessBase"]
[SourceDate "2022.10.05"]
[SourceVersion "1"]
[SourceVersionDate "2022.10.05"]
[SourceQuality "1"]

1. e4 c6 2. d4 d5 3. exd5 cxd5 4. c4 Nf6 5. Nc3 Nc6 6. cxd5 Nxd5 7. Bb5 e6 8. Nge2 Nxc3 9. bxc3 Qd5 10. Bxc6+ bxc6 11. 0-0 Bd6 12. Bf4 Ba6 13. Bxd6 Qxd6 14. Re1 0-0 15. Ng3 f6 16. Ne4 Qd5 17. Nc5 Bc8 18. Qb3 Re8 19. Rab1 Qxb3 20. axb3 Rb8 21. Ra1 Re7 22. Ra2 Kf7 23. Rea1 Ra8 24. Ne4 Rd7 25. Nc5 Rc7 26. Re2 Re7 27. f4 a5 28. Rea2 Rea7 29. b4 a4 30. Rxa4 Rxa4 31. Rxa4 Rxa4 32. Nxa4 Ba6 33. Kf2 h5 34. Nc5 Bb5 35. Nb7 Ke7 36. Na5 Kd6 37. c4 Ba6 38. Ke3 g6 39. Kd3 Kc7 40. Nxc6 Kxc6 41. b5+ Bxb5 42. cxb5+ Kxb5 43. h3 h4 44. Kc3 Kc6 45. Kc4 Kd6 46. Kd3 Kd5 47. Ke3 1/2-1/2

[Event "Polanica Zdroj op-B 43rd"]
[Site "Polanica Zdroj"]
[Date "2007.08.24"]
[Round "8"]
[White "Gabrys, Sebastian"]
[Black "Kokurewicz, Konrad"]
[Result "1/2-1/2"]
[WhiteElo "1829"]
[BlackElo "1725"]
[PlyCount "135"]
[EventDate "2007.08.17"]
[EventType "swiss"]
[EventRounds "10"]
[EventCountry "POL"]
[SourceTitle "CBM 120 Extra"]
[Source "ChessBase"]
[SourceDate "2007.11.01"]
[SourceVersion "1"]
[SourceVersionDate "2007.11.01"]
[SourceQuality "1"]

1. e4 c6 2. d4 d5 3. exd5 cxd5 4. c4 Nc6 5. Be3 Nf6 6. Nc3 e6 7. h3 Bb4 8. a3 Bxc3+ 9. bxc3 Qa5 10. Qb3 0-0 11. Bd3 e5 12. Ne2 exd4 13. Bxd4 Nxd4 14. Nxd4 Re8+ 15. Ne2 d4 16. 0-0 dxc3 17. Nxc3 Qg5 18. Qb5 Re5 19. Qb2 Bxh3 20. f4 Qg3 21. Rf3 Re1+ 22. Rxe1 Qxe1+ 23. Bf1 Be6 24. Qxb7 Re8 25. Nd5 Nh5 26. Nc7 Rf8 27. Nxe6 Qxe6 28. Qxa7 Qe4 29. Qf2 Nf6 30. Bd3 Qa8 31. Rh3 Re8 32. Qh4 Qa5 33. Bxh7+ Kf8 34. Bc2 Re1+ 35. Kh2 Qd2 36. Qh8+ Ke7 37. Qb8 Ng4+ 38. Kg3 Re3+ 39. Kh4 Qf2+ 40. g3 Qxc2 41. Qc7+ Ke6 42. Qc6+ Ke7 43. Qc5+ Ke8 44. Kxg4 Qg6+ 45. Qg5 Qe6+ 46. Qf5 Qxf5+ 47. Kxf5 Rxa3 48. Rh8+ Ke7 49. g4 Rc3 50. Rc8 Kd7 51. Rc5 Kd6 52. Rd5+ Ke7 53. c5 Rc1 54. Re5+ Kf8 55. Ke4 Re1+ 56. Kd4 Rd1+ 57. Kc4 Rc1+ 58. Kb5 Rb1+ 59. Ka5 Rc1 60. Kb6 Rb1+ 61. Kc7 Rc1 62. c6 Rc2 63. Kb6 Rb2+ 64. Rb5 Rc2 65. c7 Ke7 66. Rc5 Rxc5 67. Kxc5 Kd7 68. c8Q+ 1/2-1/2

[Event "Ostroda op-B 4th"]
[Site "Ostroda"]
[Date "2007.08.07"]
[Round "3"]
[White "Kiewicz, Krzysztof"]
[Black "Gabrys, Sebastian"]
[Result "1/2-1/2"]
[WhiteElo "1744"]
[BlackElo "1829"]
[PlyCount "50"]
[EventDate "2007.08.06"]
[EventType "swiss"]
[EventRounds "9"]
[EventCountry "POL"]
[SourceTitle "EXT 2023"]
[Source "ChessBase"]
[SourceDate "2022.10.05"]
[SourceVersion "1"]
[SourceVersionDate "2022.10.05"]
[SourceQuality "1"]

1. d4 Nf6 2. c4 g6 3. Nc3 Bg7 4. e4 d6 5. f3 0-0 6. Be3 Nbd7 7. Nge2 e5 8. d5 Nb6 9. Nc1 Ne8 10. Be2 f5 11. 0-0 f4 12. Bf2 h5 13. b4 h4 14. c5 Nd7 15. Nb3 Qg5 16. Qd2 Ndf6 17. Rfc1 Nh5 18. a4 Bf6 19. Kh1 Kg7 20. cxd6 cxd6 21. Nb5 Ng3+ 22. Kg1 Nxe2+ 23. Qxe2 h3 24. g4 fxg3 25. Bxg3 Bd8 1/2-1/2

[Event "Polanica Zdroj op-B 42nd"]
[Site "Polanica Zdroj"]
[Date "2006.08.21"]
[Round "3"]
[White "Dzieczkaniec, Wieslaw"]
[Black "Gabrys, Sebastian"]
[Result "0-1"]
[WhiteElo "2058"]
[BlackElo "1812"]
[PlyCount "210"]
[EventDate "2006.08.20"]
[EventType "swiss"]
[EventRounds "7"]
[EventCountry "POL"]
[SourceTitle "CBM 113 Extra"]
[Source "ChessBase"]
[SourceDate "2006.09.14"]
[SourceVersion "1"]
[SourceVersionDate "2006.09.14"]
[SourceQuality "1"]

1. e4 c5 2. Nf3 Nc6 3. Bc4 a6 4. a3 g6 5. d4 cxd4 6. Nxd4 Bg7 7. Nxc6 bxc6 8. Nc3 d6 9. 0-0 Bb7 10. Be3 Nf6 11. Bb3 0-0 12. f4 c5 13. e5 Ne4 14. Nxe4 Bxe4 15. e6 f5 16. c3 Qb6 17. Rf2 Rab8 18. Ba2 d5 19. Bxd5 Rfd8 20. c4 Bxb2 21. Ra2 Bg7 22. h4 Rd6 23. Kh2 Rbd8 24. Qa4 Bxd5 25. cxd5 Rxd5 26. Rad2 Qxe6 27. Rxd5 Rxd5 28. Qe8+ Bf8 29. Rf3 Rd3 30. Bxc5 Rxf3 31. gxf3 Qc4 32. Bf2 Qxf4+ 33. Kg2 Qd6 34. a4 e5 35. Qc8 Qf6 36. Bc5 e4 37. Bxf8 Qxf8 38. Qxa6 exf3+ 39. Kxf3 Qa3+ 40. Ke2 Qb2+ 41. Kd3 Qb3+ 42. Kd4 Qb2+ 43. Kd5 Qd2+ 44. Kc5 Qe3+ 45. Kb4 f4 46. Qc4+ Kf8 47. Qc8+ Ke7 48. Qc7+ Ke6 49. a5 Qe4+ 50. Kc3 Qe3+ 51. Kc2 Qe2+ 52. Kc3 f3 53. Qc6+ Kf5 54. Qd5+ Kg4 55. Qd4+ Kh3 56. Qd7+ Kg3 57. Qd6+ Kxh4 58. Qd4+ Kg3 59. Qg1+ Qg2 60. Qe3 Kh4 61. Qf4+ Kh5 62. Qe5+ g5 63. Qe8+ Kh4 64. Qe4+ Kg3 65. Qe5+ Kh3 66. Qf5+ Kh2 67. Qxh7+ Kg1 68. Qb1+ Kh2 69. Qh7+ Qh3 70. Qc7+ Qg3 71. Qh7+ Kg2 72. Qe4 Kg1 73. Qb1+ Kg2 74. Qe4 Kf1 75. Qd3+ Kg2 76. Qe4 Kh2 77. Qh7+ Qh3 78. Qc2+ Qg2 79. Qh7+ Kg1 80. Qb1+ Qf1 81. Qxf1+ Kxf1 82. a6 f2 83. a7 Kg1 84. a8Q f1Q 85. Qe4 Qh3+ 86. Kd4 g4 87. Ke5 Qg3+ 88. Kd4 Qf3 89. Qe1+ Kg2 90. Qe6 g3 91. Qh6 Qf2+ 92. Kd3 Kg1 93. Ke4 Qc2+ 94. Kf3 Qd3+ 95. Kg4 g2 96. Qb6+ Kf1 97. Qf6+ Ke2 98. Qe5+ Qe3 99. Qb2+ Kf1 100. Qb1+ Ke2 101. Qc2+ Qd2 102. Qb1 Qd1 103. Qb5+ Kf2+ 104. Kh4 Qh1+ 105. Kg5 g1Q+ 0-1